| 000 | 00748nam a2200229 i 4500 | ||
|---|---|---|---|
| 001 | 13584 | ||
| 003 | ES-MaACL | ||
| 005 | 20251012063035.0 | ||
| 007 | t| | ||
| 008 | 980520s1987 sp ||||1| spa d | ||
| 020 | _a84-505-6150-7 | ||
| 080 | _a398.8(649.3)(082.2) | ||
| 100 | 1 |
_aPérez Vidal, José, _d1907-1990 _9160934 |
|
| 245 | 1 | 3 |
_aEl romancero en la isla de La Palma / _cJosé Pérez Vidal. |
| 260 |
_a[Santa Cruz de la Palma] : _bCabildo Insular, _c1987. |
||
| 300 |
_a429 p. ; _c21 cm. |
||
| 650 | 4 |
_aRomances- _zLa Palma. _916939 |
|
| 650 | 4 |
_aRomances- _zCanarias. _916934 |
|
| 710 | 1 |
_aGran Canaria. _bCabildo Insular. _92264 |
|
| 852 |
_aES-MaACL _jL-20918 _z- Dedicatoria autógrafa del autor |
||
| 999 |
_c13584 _d13584 |
||